000 00728nam a22002177a 4500
008 150330b xxu||||| |||| 00| 0 eng d
020 _a9780071802956
041 0 _aeng
080 _a004
245 0 0 _aUnleashing DB2 10 for Linux, UNIX, and Windows
_cDanny Arnold ... [et al.].
250 _a1st ed.
260 _a[United States] :
_bIBM, International Technical Support Organization,
_c2012
300 _a217 f.:
_bme il.;
_c23 cm.
650 0 0 _aIBM Baza e të dhënave
650 0 0 _aLinux
650 0 0 _aUnix
650 0 0 _aMicrosoft Windows
700 1 _aArnold, Danny.
710 2 _aInternational Business Machines Corporation.
_bInternational Technical Support Organization.
942 _2udc
_cBK
999 _c586
_d586